[Event "European Women's Championship"]
[Site "Vysoke Tatry"]
[Date "2018.04.14"]
[Round "7"]
[White "Eric, Jovana"]
[Black "Kusenkova, Natallia"]
[Result "1/2-1/2"]
[Board "44"]
[WhiteElo "2300"]
[WhiteTitle "WIM"]
[WhiteCountry "SRB"]
[WhiteFideId "938238"]
[WhiteEloChange "-4"]
[BlackElo "2134"]
[BlackCountry "BLR"]
[BlackFideId "13506501"]
[BlackEloChange "4"]

1. e4 {[%clk 1:30:57]} e5 {[%clk 1:30:55]} 2. Nf3 {[%clk 1:31:21]} Nc6 {[%clk
1:31:22]} 3. d4 {[%clk 1:31:45]} exd4 {[%clk 1:31:41]} 4. Nxd4 {[%clk 1:32:09]}
Nf6 {[%clk 1:31:39]} 5. Nc3 {[%clk 1:31:51]} Bb4 {[%clk 1:31:35]} 6. Nxc6 {[%clk
1:31:36]} bxc6 {[%clk 1:31:49]} 7. Bd3 {[%clk 1:31:51]} d5 {[%clk 1:31:25]} 8.
exd5 {[%clk 1:31:41]} cxd5 {[%clk 1:31:48]} 9. O-O {[%clk 1:31:55]} O-O {[%clk
1:32:11]} 10. Bg5 {[%clk 1:30:39]} c6 {[%clk 1:32:09]} 11. Qf3 {[%clk 1:30:03]}
Bd6 {[%clk 1:28:57]} 12. h3 {[%clk 1:27:43]} Rb8 {[%clk 1:25:14]} 13. Rab1 {[%clk
1:26:05]} h6 {[%clk 1:23:08]} 14. Bf4 {[%clk 1:19:44]} Be6 {[%clk 1:17:36]} 15.
Ne2 {[%clk 1:18:08]} c5 {[%clk 1:13:09]} 16. c3 {[%clk 1:17:25]} Rb6 {[%clk
1:09:57]} 17. b3 {[%clk 1:13:58]} a5 {[%clk 0:57:23]} 18. Rbd1 {[%clk 1:04:49]}
Bc8 {[%clk 0:52:05]} 19. Ng3 {[%clk 1:01:32]} Re8 {[%clk 0:43:31]} 20. Rfe1
{[%clk 0:48:31]} Rxe1+ {[%clk 0:40:44]} 21. Rxe1 {[%clk 0:48:56]} Bxf4 {[%clk
0:39:51]} 22. Qxf4 {[%clk 0:49:20]} Re6 {[%clk 0:39:54]} 23. Rd1 {[%clk 0:49:22]}
Rd6 {[%clk 0:38:03]} 24. Bf5 {[%clk 0:38:58]} Ba6 {[%clk 0:33:10]} 25. Qe5 {[%clk
0:29:56]} g6 {[%clk 0:27:53]} 26. Ne4 {[%clk 0:26:43]} Rb6 {[%clk 0:19:53]} 27.
Nxf6+ {[%clk 0:20:22]} Qxf6 {[%clk 0:20:11]} 28. Qxf6 {[%clk 0:20:38]} Rxf6
{[%clk 0:20:38]} 29. Bg4 {[%clk 0:21:02]} Rd6 {[%clk 0:18:47]} 30. Bf3 {[%clk
0:20:49]} d4 {[%clk 0:17:24]} 31. c4 {[%clk 0:21:13]} Re6 {[%clk 0:13:09]} 32.
Kf1 {[%clk 0:21:20]} Kg7 {[%clk 0:06:48]} 33. Bd5 {[%clk 0:17:31]} Re5 {[%clk
0:06:52]} 34. Bc6 {[%clk 0:17:44]} g5 {[%clk 0:04:25]} 35. Rd3 {[%clk 0:14:32]}
Re6 {[%clk 0:03:21]} 36. Bd7 {[%clk 0:12:39]} Re7 {[%clk 0:03:24]} 37. Bc6 {[%clk
0:11:55]} Re6 {[%clk 0:02:58]} 38. Bd7 {[%clk 0:12:08]} Re7 {[%clk 0:03:21]} 39.
Bc6 {[%clk 0:12:07]} 1/2-1/2

[Event "European Women's Championship"]
[Site "Vysoke Tatry"]
[Date "2018.04.14"]
[Round "7"]
[White "Sucikova, Svetlana"]
[Black "Sedina, Elena"]
[Result "1-0"]
[Board "45"]
[WhiteElo "2107"]
[WhiteTitle "WFM"]
[WhiteCountry "SVK"]
[WhiteFideId "14923653"]
[WhiteEloChange "15"]
[BlackElo "2292"]
[BlackTitle "IM"]
[BlackCountry "ITA"]
[BlackFideId "812153"]
[BlackEloChange "-15"]

1. Nf3 {[%clk 1:30:11]} d5 {[%clk 1:30:41]} 2. d4 {[%clk 1:30:11]} c6 {[%clk
1:23:55]} 3. Bf4 {[%clk 1:28:07]} Nf6 {[%clk 1:23:51]} 4. e3 {[%clk 1:26:52]} Bf5
{[%clk 1:07:12]} 5. Bd3 {[%clk 1:23:57]} e6 {[%clk 1:06:03]} 6. O-O {[%clk
1:22:45]} Nbd7 {[%clk 1:02:12]} 7. Nbd2 {[%clk 1:21:59]} Bxd3 {[%clk 0:58:20]} 8.
cxd3 {[%clk 1:22:20]} Be7 {[%clk 0:58:46]} 9. Rc1 {[%clk 1:19:50]} O-O {[%clk
0:46:18]} 10. h3 {[%clk 1:19:24]} Re8 {[%clk 0:36:23]} 11. Qa4 {[%clk 1:17:41]}
a5 {[%clk 0:33:39]} 12. Qb3 {[%clk 1:15:45]} Nb6 {[%clk 0:33:18]} 13. a4 {[%clk
1:14:28]} Nfd7 {[%clk 0:29:35]} 14. Qa2 {[%clk 1:08:51]} Bb4 {[%clk 0:24:10]} 15.
Nb3 {[%clk 1:07:34]} Qe7 {[%clk 0:24:15]} 16. Bg3 {[%clk 1:01:50]} f6 {[%clk
0:24:10]} 17. Rc2 {[%clk 1:00:02]} Nb8 {[%clk 0:17:07]} 18. Rfc1 {[%clk 0:54:29]}
Na6 {[%clk 0:17:23]} 19. Qa1 {[%clk 0:54:34]} Nd7 {[%clk 0:17:33]} 20. Re2 {[%clk
0:50:53]} Qf7 {[%clk 0:11:43]} 21. Qb1 {[%clk 0:44:59]} e5 {[%clk 0:07:49]} 22.
dxe5 {[%clk 0:43:40]} fxe5 {[%clk 0:07:29]} 23. Nbd2 {[%clk 0:43:56]} Nac5 {[%clk
0:04:13]} 24. b3 {[%clk 0:41:43]} e4 {[%clk 0:02:41]} 25. dxe4 {[%clk 0:39:16]}
dxe4 {[%clk 0:03:08]} 26. Nd4 {[%clk 0:39:24]} Nd3 {[%clk 0:01:47]} 27. Rf1
{[%clk 0:38:47]} Qd5 {[%clk 0:01:53]} 28. Rd1 {[%clk 0:32:50]} N7c5 {[%clk
0:01:36]} 29. Nc4 {[%clk 0:33:09]} Rad8 {[%clk 0:01:04]} 30. Bc7 {[%clk 0:31:10]}
Nxa4 {[%clk 0:00:49]} 31. bxa4 {[%clk 0:30:03]} Qxc4 {[%clk 0:01:12]} 32. Bxd8
{[%clk 0:29:59]} Rxd8 {[%clk 0:01:41]} 33. Qa2 {[%clk 0:30:13]} Qxa2 {[%clk
0:00:53]} 34. Rxa2 {[%clk 0:30:41]} Nc5 {[%clk 0:00:40]} 35. Rb1 {[%clk 0:30:30]}
Na6 {[%clk 0:00:35]} 36. Rc2 {[%clk 0:29:31]} Nc5 {[%clk 0:00:48]} 37. Rxb4
{[%clk 0:29:30]} axb4 {[%clk 0:00:50]} 38. Rxc5 {[%clk 0:29:54]} b3 {[%clk
0:00:43]} 39. Nxb3 {[%clk 0:30:05]} Rd1+ {[%clk 0:00:53]} 40. Kh2 {[%clk
1:00:27]} Rb1 {[%clk 0:31:19]} 41. Nd2 {[%clk 1:00:18]} Rb2 {[%clk 0:19:46]} 42.
Nxe4 {[%clk 1:00:41]} Kf8 {[%clk 0:20:10]} 43. Re5 {[%clk 1:00:25]} g6 {[%clk
0:19:34]} 44. a5 {[%clk 1:00:24]} Kf7 {[%clk 0:19:12]} 45. Kg3 {[%clk 1:00:45]}
h6 {[%clk 0:18:23]} 46. Nd6+ {[%clk 0:59:18]} Kf6 {[%clk 0:18:39]} 47. Re8 {[%clk
0:59:42]} b5 {[%clk 0:14:51]} 48. Rc8 {[%clk 0:56:04]} Ke5 {[%clk 0:11:14]} 49.
a6 {[%clk 0:56:13]} Kxd6 {[%clk 0:10:57]} 50. a7 {[%clk 0:56:35]} Ra2 {[%clk
0:11:26]} 51. a8Q {[%clk 0:56:56]} Rxa8 {[%clk 0:11:54]} 52. Rxa8 {[%clk
0:57:17]} b4 {[%clk 0:12:23]} 53. Kf3 {[%clk 0:57:37]} Kc5 {[%clk 0:11:04]} 54.
Ke2 {[%clk 0:58:00]} Kc4 {[%clk 0:11:31]} 55. Kd2 {[%clk 0:58:25]} 1-0

[Event "European Women's Championship"]
[Site "Vysoke Tatry"]
[Date "2018.04.14"]
[Round "7"]
[White "Zhukova, Natalia"]
[Black "Mikadze, Miranda"]
[Result "0-1"]
[Board "46"]
[WhiteElo "2426"]
[WhiteTitle "GM"]
[WhiteCountry "UKR"]
[WhiteFideId "14101513"]
[WhiteEloChange "-8"]
[BlackElo "2216"]
[BlackTitle "WGM"]
[BlackCountry "GEO"]
[BlackFideId "13603108"]
[BlackEloChange "15"]

1. d4 {[%clk 1:30:56]} d5 {[%clk 1:30:57]} 2. c4 {[%clk 1:31:18]} c6 {[%clk
1:31:26]} 3. Nf3 {[%clk 1:31:39]} Nf6 {[%clk 1:31:53]} 4. g3 {[%clk 1:31:59]} Bg4
{[%clk 1:31:29]} 5. Ne5 {[%clk 1:32:18]} Bf5 {[%clk 1:30:13]} 6. cxd5 {[%clk
1:32:24]} Qxd5 {[%clk 1:29:17]} 7. f3 {[%clk 1:32:31]} Bxb1 {[%clk 1:27:52]} 8.
Rxb1 {[%clk 1:32:55]} Qxa2 {[%clk 1:27:18]} 9. Bd2 {[%clk 1:33:01]} Qd5 {[%clk
1:26:50]} 10. e3 {[%clk 1:28:20]} e6 {[%clk 1:26:20]} 11. Bc4 {[%clk 1:26:41]}
Qd6 {[%clk 1:25:12]} 12. O-O {[%clk 1:20:27]} Nbd7 {[%clk 1:13:01]} 13. f4 {[%clk
1:15:35]} Be7 {[%clk 1:11:38]} 14. g4 {[%clk 0:49:18]} h6 {[%clk 0:58:06]} 15.
Qf3 {[%clk 0:48:53]} Bd8 {[%clk 0:53:48]} 16. Be1 {[%clk 0:44:44]} Bb6 {[%clk
0:52:30]} 17. Bg3 {[%clk 0:43:50]} Qe7 {[%clk 0:49:03]} 18. Nd3 {[%clk 0:37:37]}
h5 {[%clk 0:43:20]} 19. g5 {[%clk 0:36:59]} Nd5 {[%clk 0:43:47]} 20. h4 {[%clk
0:30:33]} g6 {[%clk 0:32:09]} 21. Kh1 {[%clk 0:28:00]} Nb4 {[%clk 0:22:42]} 22.
Nf2 {[%clk 0:27:07]} O-O {[%clk 0:18:37]} 23. Ne4 {[%clk 0:25:37]} Rac8 {[%clk
0:13:10]} 24. Be1 {[%clk 0:21:16]} a5 {[%clk 0:11:43]} 25. b3 {[%clk 0:11:05]}
Ba7 {[%clk 0:10:42]} 26. Ng3 {[%clk 0:07:07]} b5 {[%clk 0:10:59]} 27. Be2 {[%clk
0:07:34]} Bb6 {[%clk 0:09:46]} 28. Rd1 {[%clk 0:06:03]} Rc7 {[%clk 0:03:45]} 29.
e4 {[%clk 0:04:52]} Nc2 {[%clk 0:03:57]} 30. Bc3 {[%clk 0:03:56]} Qa3 {[%clk
0:02:45]} 31. Rd2 {[%clk 0:02:04]} Qxb3 {[%clk 0:01:51]} 32. Bd1 {[%clk 0:02:32]}
b4 {[%clk 0:02:15]} 33. Rxc2 {[%clk 0:02:57]} bxc3 {[%clk 0:02:38]} 34. Rxc3
{[%clk 0:03:06]} Qb4 {[%clk 0:02:21]} 35. Ne2 {[%clk 0:02:09]} Bxd4 {[%clk
0:02:17]} 36. Nxd4 {[%clk 0:00:56]} Qxd4 {[%clk 0:02:44]} 37. Bc2 {[%clk
0:00:53]} Qd6 {[%clk 0:01:13]} 38. Rd1 {[%clk 0:01:00]} Qe7 {[%clk 0:01:37]} 39.
Ra3 {[%clk 0:00:36]} Ra8 {[%clk 0:01:49]} 40. Rda1 {[%clk 0:30:43]} Qc5 {[%clk
0:31:55]} 41. Rc3 {[%clk 0:20:32]} Qd4 {[%clk 0:20:48]} 42. Rd1 {[%clk 0:12:50]}
Qb4 {[%clk 0:20:36]} 43. Rcd3 {[%clk 0:11:29]} Nf8 {[%clk 0:19:43]} 44. Rd4
{[%clk 0:09:13]} Qc5 {[%clk 0:19:23]} 45. Ba4 {[%clk 0:09:23]} e5 {[%clk
0:13:51]} 46. Rd6 {[%clk 0:04:11]} exf4 {[%clk 0:12:55]} 47. Qxf4 {[%clk
0:04:38]} Qc4 {[%clk 0:12:37]} 48. R6d4 {[%clk 0:03:15]} Ne6 {[%clk 0:12:20]} 49.
Rxc4 {[%clk 0:03:41]} Nxf4 {[%clk 0:12:46]} 50. Rxc6 {[%clk 0:01:45]} Rxc6 {[%clk
0:06:15]} 51. Bxc6 {[%clk 0:02:14]} Rc8 {[%clk 0:06:07]} 52. Bd5 {[%clk 0:02:35]}
Rc3 {[%clk 0:02:44]} 53. Ra1 {[%clk 0:02:28]} Rh3+ {[%clk 0:02:49]} 54. Kg1
{[%clk 0:02:57]} Rxh4 {[%clk 0:03:04]} 55. Rxa5 {[%clk 0:02:49]} Nh3+ {[%clk
0:03:15]} 56. Kf1 {[%clk 0:00:41]} Nxg5 {[%clk 0:03:38]} 57. Ra8+ {[%clk
0:00:58]} Kg7 {[%clk 0:04:04]} 58. Ra7 {[%clk 0:00:44]} Rf4+ {[%clk 0:03:05]} 59.
Ke2 {[%clk 0:01:13]} Kf6 {[%clk 0:02:17]} 60. Ke3 {[%clk 0:01:19]} Rf3+ {[%clk
0:02:31]} 61. Kd4 {[%clk 0:00:59]} Ne6+ {[%clk 0:02:10]} 62. Kc4 {[%clk 0:01:27]}
Ke5 {[%clk 0:02:15]} 63. Ra5 {[%clk 0:01:43]} Rf2 {[%clk 0:01:52]} 64. Kd3 {[%clk
0:01:11]} Kf6 {[%clk 0:01:38]} 65. Ke3 {[%clk 0:01:36]} Rh2 {[%clk 0:01:47]} 66.
Bc4 {[%clk 0:01:06]} Rh3+ {[%clk 0:02:10]} 67. Kf2 {[%clk 0:01:30]} Rc3 {[%clk
0:02:26]} 68. Bf1 {[%clk 0:00:48]} Rc5 {[%clk 0:02:41]} 69. Ra7 {[%clk 0:01:06]}
Nc7 {[%clk 0:02:25]} 70. Rb7 {[%clk 0:01:14]} Ke5 {[%clk 0:02:49]} 71. Bg2 {[%clk
0:01:33]} Kf4 {[%clk 0:03:04]} 72. Rb3 {[%clk 0:01:44]} Rc2+ {[%clk 0:03:27]} 73.
Kg1 {[%clk 0:02:12]} Ke5 {[%clk 0:02:32]} 74. Rf3 {[%clk 0:01:49]} Ke6 {[%clk
0:02:48]} 75. Rb3 {[%clk 0:01:14]} Ke7 {[%clk 0:02:54]} 76. Rb7 {[%clk 0:01:23]}
Kf6 {[%clk 0:03:20]} 77. Bh3 {[%clk 0:01:12]} Ne6 {[%clk 0:03:25]} 78. e5+ {[%clk
0:01:15]} Kxe5 {[%clk 0:03:50]} 79. Rxf7 {[%clk 0:01:37]} Ng5 {[%clk 0:03:33]}
80. Re7+ {[%clk 0:02:03]} Kf6 {[%clk 0:03:32]} 81. Re3 {[%clk 0:02:25]} Nxh3+
{[%clk 0:03:53]} 82. Rxh3 {[%clk 0:02:53]} Kf5 {[%clk 0:03:59]} 83. Rb3 {[%clk
0:03:05]} h4 {[%clk 0:04:03]} 84. Rb5+ {[%clk 0:02:43]} Kg4 {[%clk 0:04:21]} 85.
Rb4+ {[%clk 0:03:10]} Kh5 {[%clk 0:04:42]} 86. Rb3 {[%clk 0:02:41]} g5 {[%clk
0:05:08]} 87. Ra3 {[%clk 0:02:58]} Re2 {[%clk 0:05:05]} 88. Kf1 {[%clk 0:02:54]}
Rd2 {[%clk 0:05:31]} 89. Kg1 {[%clk 0:03:13]} Kg4 {[%clk 0:05:18]} 90. Ra4+
{[%clk 0:03:31]} Kf3 {[%clk 0:05:36]} 91. Ra3+ {[%clk 0:03:25]} Ke4 {[%clk
0:05:54]} 92. Ra4+ {[%clk 0:03:04]} Rd4 {[%clk 0:06:08]} 93. Ra2 {[%clk 0:01:39]}
Ke3 {[%clk 0:05:57]} 94. Ra1 {[%clk 0:00:56]} g4 {[%clk 0:06:15]} 95. Re1+ {[%clk
0:00:40]} Kf3 {[%clk 0:06:32]} 96. Ra1 {[%clk 0:01:04]} Re4 {[%clk 0:06:30]} 97.
Rf1+ {[%clk 0:01:00]} Kg3 {[%clk 0:06:47]} 98. Ra1 {[%clk 0:01:28]} Re3 {[%clk
0:06:57]} 99. Rb1 {[%clk 0:01:10]} Rf3 {[%clk 0:07:07]} 100. Ra1 {[%clk 0:01:34]}
Kh3 {[%clk 0:06:46]} 101. Rb1 {[%clk 0:01:50]} g3 {[%clk 0:06:40]} 102. Rb2
{[%clk 0:01:19]} Rd3 {[%clk 0:07:03]} 103. Rb1 {[%clk 0:01:35]} Kg4 {[%clk
0:05:54]} 104. Rb4+ {[%clk 0:01:21]} Kf3 {[%clk 0:06:17]} 105. Rb1 {[%clk
0:01:39]} h3 {[%clk 0:06:29]} 106. Ra1 {[%clk 0:01:41]} Ke2 {[%clk 0:06:13]} 0-1

[Event "European Women's Championship"]
[Site "Vysoke Tatry"]
[Date "2018.04.14"]
[Round "7"]
[White "Sliwicka, Alicja"]
[Black "Kubicka, Anna"]
[Result "1-0"]
[Board "47"]
[WhiteElo "2329"]
[WhiteTitle "WFM"]
[WhiteCountry "POL"]
[WhiteFideId "1150677"]
[WhiteEloChange "7"]
[BlackElo "2215"]
[BlackTitle "WFM"]
[BlackCountry "POL"]
[BlackFideId "1152254"]
[BlackEloChange "-7"]

1. e4 {[%clk 1:30:58]} c5 {[%clk 1:30:30]} 2. Nf3 {[%clk 1:31:23]} Nc6 {[%clk
1:30:46]} 3. d4 {[%clk 1:31:46]} cxd4 {[%clk 1:31:08]} 4. Nxd4 {[%clk 1:32:12]}
Nf6 {[%clk 1:31:28]} 5. Nc3 {[%clk 1:32:27]} g6 {[%clk 1:31:42]} 6. Nb3 {[%clk
1:26:07]} Bg7 {[%clk 1:31:45]} 7. Be2 {[%clk 1:26:20]} O-O {[%clk 1:31:47]} 8.
O-O {[%clk 1:20:40]} d6 {[%clk 1:31:15]} 9. Bg5 {[%clk 1:20:39]} Be6 {[%clk
1:31:15]} 10. Kh1 {[%clk 1:14:56]} a6 {[%clk 1:31:01]} 11. f4 {[%clk 1:14:03]} b5
{[%clk 1:31:10]} 12. Bf3 {[%clk 1:09:43]} Rc8 {[%clk 1:31:02]} 13. Nd5 {[%clk
1:05:40]} Bxd5 {[%clk 1:10:04]} 14. exd5 {[%clk 1:05:50]} Na5 {[%clk 1:09:53]}
15. Nd4 {[%clk 0:59:20]} Nc4 {[%clk 1:04:13]} 16. Nc6 {[%clk 0:58:48]} Rxc6
{[%clk 1:01:58]} 17. dxc6 {[%clk 0:57:55]} Ne3 {[%clk 1:02:04]} 18. Qd3 {[%clk
0:56:15]} Nxf1 {[%clk 1:01:59]} 19. Rxf1 {[%clk 0:56:35]} Qc7 {[%clk 0:57:40]}
20. c4 {[%clk 0:51:00]} Rb8 {[%clk 0:57:21]} 21. b3 {[%clk 0:49:51]} bxc4 {[%clk
0:54:06]} 22. Qxc4 {[%clk 0:49:53]} a5 {[%clk 0:54:03]} 23. a3 {[%clk 0:46:03]}
e6 {[%clk 0:53:07]} 24. Bh4 {[%clk 0:42:11]} d5 {[%clk 0:49:34]} 25. Qa4 {[%clk
0:41:10]} Ne8 {[%clk 0:36:33]} 26. Rc1 {[%clk 0:36:14]} Bf8 {[%clk 0:24:18]} 27.
Be1 {[%clk 0:35:58]} Ra8 {[%clk 0:24:34]} 28. Bf2 {[%clk 0:32:33]} Nd6 {[%clk
0:20:40]} 29. g3 {[%clk 0:29:27]} Bg7 {[%clk 0:09:57]} 30. b4 {[%clk 0:24:34]}
Nc4 {[%clk 0:09:47]} 31. Be2 {[%clk 0:22:33]} Rc8 {[%clk 0:03:34]} 32. b5 {[%clk
0:21:29]} Nb6 {[%clk 0:01:30]} 33. Qxa5 {[%clk 0:21:27]} d4 {[%clk 0:01:53]} 34.
Qb4 {[%clk 0:20:15]} Rd8 {[%clk 0:01:23]} 35. Rd1 {[%clk 0:19:57]} e5 {[%clk
0:01:05]} 36. fxe5 {[%clk 0:18:20]} Qxe5 {[%clk 0:01:31]} 37. Bf3 {[%clk
0:18:25]} Nd5 {[%clk 0:00:40]} 38. Qxd4 {[%clk 0:16:55]} Qf5 {[%clk 0:00:35]} 39.
Qe4 {[%clk 0:17:13]} Qf6 {[%clk 0:00:35]} 40. Rxd5 {[%clk 0:47:24]} 1-0

[Event "European Women's Championship"]
[Site "Vysoke Tatry"]
[Date "2018.04.14"]
[Round "7"]
[White "Brunello, Marina"]
[Black "Ghukasyan, Siranush"]
[Result "1/2-1/2"]
[Board "48"]
[WhiteElo "2307"]
[WhiteTitle "FM"]
[WhiteCountry "ITA"]
[WhiteFideId "822590"]
[WhiteEloChange "-3"]
[BlackElo "2195"]
[BlackTitle "WIM"]
[BlackCountry "ARM"]
[BlackFideId "13300946"]
[BlackEloChange "3"]

1. e4 {[%clk 1:30:58]} e5 {[%clk 1:30:38]} 2. Nf3 {[%clk 1:31:23]} Nc6 {[%clk
1:30:57]} 3. Bb5 {[%clk 1:31:49]} a6 {[%clk 1:31:23]} 4. Ba4 {[%clk 1:32:15]} Nf6
{[%clk 1:31:50]} 5. d3 {[%clk 1:32:42]} b5 {[%clk 1:32:15]} 6. Bb3 {[%clk
1:33:08]} Be7 {[%clk 1:32:41]} 7. O-O {[%clk 1:30:57]} d6 {[%clk 1:33:05]} 8. c3
{[%clk 1:31:09]} O-O {[%clk 1:33:14]} 9. Re1 {[%clk 1:30:36]} Na5 {[%clk
1:30:56]} 10. Bc2 {[%clk 1:30:52]} c5 {[%clk 1:31:09]} 11. d4 {[%clk 1:29:40]}
Qc7 {[%clk 1:31:08]} 12. h3 {[%clk 1:15:41]} Nc6 {[%clk 1:17:49]} 13. a4 {[%clk
1:11:21]} Bb7 {[%clk 1:17:17]} 14. d5 {[%clk 1:11:07]} Nb8 {[%clk 1:17:18]} 15.
Na3 {[%clk 1:08:06]} Qb6 {[%clk 1:00:32]} 16. Be3 {[%clk 1:05:36]} Nbd7 {[%clk
0:46:59]} 17. Qe2 {[%clk 1:04:16]} bxa4 {[%clk 0:41:45]} 18. Nc4 {[%clk 0:53:24]}
Qc7 {[%clk 0:41:37]} 19. Bg5 {[%clk 0:51:28]} Nb6 {[%clk 0:37:31]} 20. Na5 {[%clk
0:50:03]} Ne8 {[%clk 0:35:03]} 21. Bc1 {[%clk 0:40:11]} Bc8 {[%clk 0:29:19]} 22.
Nc4 {[%clk 0:33:36]} f5 {[%clk 0:19:49]} 23. Nxb6 {[%clk 0:28:49]} Qxb6 {[%clk
0:20:18]} 24. Nd2 {[%clk 0:29:04]} f4 {[%clk 0:18:25]} 25. Rxa4 {[%clk 0:26:59]}
Bd7 {[%clk 0:16:02]} 26. Ra2 {[%clk 0:26:02]} Nf6 {[%clk 0:15:42]} 27. Bd3 {[%clk
0:26:12]} Bb5 {[%clk 0:15:15]} 28. Nf3 {[%clk 0:25:30]} Rfc8 {[%clk 0:12:01]} 29.
Bc4 {[%clk 0:21:35]} Nd7 {[%clk 0:11:00]} 30. Bd2 {[%clk 0:18:00]} Bxc4 {[%clk
0:10:42]} 31. Qxc4 {[%clk 0:18:14]} Qb5 {[%clk 0:10:53]} 32. Qa4 {[%clk 0:18:06]}
c4 {[%clk 0:05:30]} 33. Rea1 {[%clk 0:17:29]} Qxa4 {[%clk 0:05:12]} 34. Rxa4
{[%clk 0:17:55]} a5 {[%clk 0:04:44]} 35. g3 {[%clk 0:15:01]} g5 {[%clk 0:04:21]}
36. Bc1 {[%clk 0:12:42]} Rc5 {[%clk 0:04:15]} 37. Rb4 {[%clk 0:11:30]} Kf7 {[%clk
0:02:48]} 38. Rb7 {[%clk 0:11:28]} Ke8 {[%clk 0:03:17]} 39. Nd2 {[%clk 0:11:32]}
Kd8 {[%clk 0:02:31]} 40. Rb4 {[%clk 0:40:54]} Nf6 {[%clk 0:31:00]} 41. gxf4
{[%clk 0:37:19]} gxf4 {[%clk 0:30:29]} 42. f3 {[%clk 0:37:46]} Rac8 {[%clk
0:25:53]} 43. Rba4 {[%clk 0:37:08]} Ke8 {[%clk 0:24:38]} 44. Rxa5 {[%clk
0:37:20]} Rxa5 {[%clk 0:25:06]} 45. Rxa5 {[%clk 0:37:44]} Bd8 {[%clk 0:25:33]}
46. Ra6 {[%clk 0:36:43]} Ke7 {[%clk 0:22:45]} 47. Kf1 {[%clk 0:33:48]} Nd7 {[%clk
0:21:13]} 48. Ra4 {[%clk 0:32:14]} Nc5 {[%clk 0:17:12]} 49. Rxc4 {[%clk 0:26:38]}
Ra8 {[%clk 0:17:37]} 50. Ke2 {[%clk 0:27:03]} Ra1 {[%clk 0:17:48]} 51. b4 {[%clk
0:27:22]} Na4 {[%clk 0:16:05]} 52. Nb3 {[%clk 0:27:19]} Rb1 {[%clk 0:12:29]} 53.
Kd2 {[%clk 0:27:06]} Rxb3 {[%clk 0:12:05]} 54. Kc2 {[%clk 0:27:31]} Rxc3+ {[%clk
0:11:54]} 55. Rxc3 {[%clk 0:27:57]} Nxc3 {[%clk 0:12:21]} 56. Kxc3 {[%clk
0:28:23]} Kd7 {[%clk 0:11:03]} 57. Kc4 {[%clk 0:26:27]} Kc7 {[%clk 0:11:14]} 58.
Kb5 {[%clk 0:26:33]} Kb7 {[%clk 0:11:43]} 59. Bd2 {[%clk 0:26:59]} Be7 {[%clk
0:11:44]} 60. Be1 {[%clk 0:27:18]} Bd8 {[%clk 0:11:58]} 61. Bf2 {[%clk 0:27:43]}
Bf6 {[%clk 0:11:37]} 62. Bb6 {[%clk 0:25:26]} Bh4 {[%clk 0:11:01]} 63. Ka5 {[%clk
0:25:19]} Bf6 {[%clk 0:10:50]} 64. Kb5 {[%clk 0:24:07]} Bh4 {[%clk 0:11:14]} 65.
Ba5 {[%clk 0:22:26]} Bf6 {[%clk 0:11:16]} 66. Kc4 {[%clk 0:22:51]} Bh4 {[%clk
0:10:56]} 67. Kd3 {[%clk 0:21:32]} Bf6 {[%clk 0:11:10]} 1/2-1/2

[Event "European Women's Championship"]
[Site "Vysoke Tatry"]
[Date "2018.04.14"]
[Round "7"]
[White "Worek, Joanna"]
[Black "Richterova, Natasa"]
[Result "1/2-1/2"]
[Board "49"]
[WhiteElo "2295"]
[WhiteTitle "WGM"]
[WhiteCountry "CZE"]
[WhiteFideId "1118080"]
[WhiteEloChange "-3"]
[BlackElo "2181"]
[BlackTitle "WIM"]
[BlackCountry "CZE"]
[BlackFideId "350591"]
[BlackEloChange "3"]

1. e4 {[%clk 1:30:57]} e5 {[%clk 1:30:46]} 2. Nf3 {[%clk 1:31:22]} Nc6 {[%clk
1:31:12]} 3. Bc4 {[%clk 1:31:47]} Bc5 {[%clk 1:31:36]} 4. O-O {[%clk 1:31:54]}
Nf6 {[%clk 1:31:41]} 5. d3 {[%clk 1:32:15]} O-O {[%clk 1:31:34]} 6. c3 {[%clk
1:32:37]} d5 {[%clk 1:31:24]} 7. exd5 {[%clk 1:32:26]} Nxd5 {[%clk 1:31:43]} 8.
Re1 {[%clk 1:30:35]} Bg4 {[%clk 1:30:53]} 9. Nbd2 {[%clk 1:30:24]} Nb6 {[%clk
1:25:48]} 10. Bb5 {[%clk 1:25:16]} f6 {[%clk 1:21:00]} 11. Ne4 {[%clk 1:11:36]}
Be7 {[%clk 1:20:46]} 12. h3 {[%clk 1:11:21]} Bh5 {[%clk 1:18:58]} 13. Ng3 {[%clk
1:10:41]} Bg6 {[%clk 1:15:40]} 14. Nh4 {[%clk 0:55:22]} Qd5 {[%clk 1:08:01]} 15.
Nxg6 {[%clk 0:53:24]} hxg6 {[%clk 1:08:13]} 16. Qb3 {[%clk 0:52:19]} Rfd8 {[%clk
0:52:44]} 17. d4 {[%clk 0:39:47]} Na5 {[%clk 0:30:54]} 18. Qxd5+ {[%clk 0:38:19]}
Rxd5 {[%clk 0:30:59]} 19. Bd3 {[%clk 0:35:56]} f5 {[%clk 0:30:45]} 20. Rxe5
{[%clk 0:25:13]} Rxe5 {[%clk 0:30:21]} 21. dxe5 {[%clk 0:25:42]} Rd8 {[%clk
0:30:31]} 22. Bc2 {[%clk 0:25:47]} Nac4 {[%clk 0:30:27]} 23. Bb3 {[%clk 0:21:55]}
Kh7 {[%clk 0:28:24]} 24. e6 {[%clk 0:20:11]} Nd2 {[%clk 0:25:15]} 25. Bc2 {[%clk
0:19:16]} Bf6 {[%clk 0:17:57]} 26. Ne2 {[%clk 0:17:54]} Ne4 {[%clk 0:09:46]} 27.
Be3 {[%clk 0:07:21]} Nc4 {[%clk 0:08:02]} 28. Bd4 {[%clk 0:07:24]} c5 {[%clk
0:06:48]} 29. Bxf6 {[%clk 0:07:05]} gxf6 {[%clk 0:06:32]} 30. Bb3 {[%clk
0:05:47]} Nxb2 {[%clk 0:04:44]} 31. Rb1 {[%clk 0:05:19]} Rd2 {[%clk 0:03:53]} 32.
e7 {[%clk 0:03:04]} Nd6 {[%clk 0:04:10]} 33. Ng3 {[%clk 0:02:54]} c4 {[%clk
0:03:50]} 34. Nf1 {[%clk 0:03:16]} Re2 {[%clk 0:03:31]} 35. Bd1 {[%clk 0:03:33]}
Nxd1 {[%clk 0:03:10]} 36. Rxd1 {[%clk 0:03:38]} Ne8 {[%clk 0:02:53]} 37. Ne3
{[%clk 0:04:05]} Kg7 {[%clk 0:03:03]} 38. Rd7 {[%clk 0:04:06]} Re1+ {[%clk
0:01:12]} 39. Kh2 {[%clk 0:04:31]} Kf7 {[%clk 0:01:21]} 40. Rxb7 {[%clk 0:34:43]}
f4 {[%clk 0:31:15]} 41. Nd5 {[%clk 0:26:30]} Re2 {[%clk 0:25:46]} 42. Rxa7 {[%clk
0:26:39]} Rxf2 {[%clk 0:26:02]} 43. Kg1 {[%clk 0:25:47]} Rd2 {[%clk 0:26:27]} 44.
Nb4 {[%clk 0:23:13]} Re2 {[%clk 0:18:58]} 45. Nc6 {[%clk 0:16:07]} Re3 {[%clk
0:16:17]} 46. Ra3 {[%clk 0:16:19]} g5 {[%clk 0:14:37]} 47. Kf2 {[%clk 0:16:17]}
Nd6 {[%clk 0:14:19]} 48. Ra8 {[%clk 0:10:40]} Ne4+ {[%clk 0:09:41]} 49. Kg1
{[%clk 0:07:15]} Re1+ {[%clk 0:09:43]} 50. Kh2 {[%clk 0:07:40]} Ng3 {[%clk
0:09:22]} 51. e8Q+ {[%clk 0:07:27]} Rxe8 {[%clk 0:09:48]} 52. Rxe8 {[%clk
0:07:43]} Kxe8 {[%clk 0:10:17]} 53. Na5 {[%clk 0:07:35]} Ne4 {[%clk 0:09:46]} 54.
Nxc4 {[%clk 0:08:00]} Nxc3 {[%clk 0:10:10]} 55. a3 {[%clk 0:08:17]} Ne4 {[%clk
0:09:20]} 56. Kg1 {[%clk 0:08:10]} Kd7 {[%clk 0:09:38]} 57. Kf1 {[%clk 0:08:32]}
Kc6 {[%clk 0:09:53]} 58. Ke2 {[%clk 0:08:41]} Kb5 {[%clk 0:09:08]} 59. Nb2 {[%clk
0:06:00]} Ng3+ {[%clk 0:05:18]} 60. Kf3 {[%clk 0:05:21]} Nf5 {[%clk 0:05:29]} 61.
Ke4 {[%clk 0:04:17]} Nh4 {[%clk 0:05:32]} 62. Nd3 {[%clk 0:03:22]} Nxg2 {[%clk
0:05:20]} 63. Kf5 {[%clk 0:03:46]} f3 {[%clk 0:04:25]} 64. Kxf6 {[%clk 0:02:10]}
Nf4 {[%clk 0:04:41]} 65. Nf2 {[%clk 0:02:37]} Nxh3 {[%clk 0:05:03]} 66. Ng4
{[%clk 0:03:01]} Ka4 {[%clk 0:05:05]} 67. Kf5 {[%clk 0:03:21]} Kxa3 {[%clk
0:05:30]} 68. Nh2 {[%clk 0:03:39]} f2 {[%clk 0:05:14]} 69. Kg4 {[%clk 0:04:05]}
Ng1 {[%clk 0:04:13]} 70. Kg3 {[%clk 0:04:31]} Kb3 {[%clk 0:02:38]} 1/2-1/2